Fall Out Boy or Panic At The Disco Song - Statistics

General Stats
  • This quiz has been taken 796 times
  • The average score is 17 of 20
Answer Stats
Question Answer % Correct
My Songs Know What You Did in the Dark (Light Em Up) Fall Out Boy
95%
Our Lawyer Made Us Change the Name of This Song So We Wouldn't Get Sued Fall Out Boy
90%
Lying Is the Most Fun a Girl Can Have Without Taking Her Clothes Off Panic At The Disco
90%
I Slept with Someone in Fall Out Boy and All I Got Was This Stupid Song Written About Me Fall Out Boy
89%
I Constantly Thank God for Esteban Panic At The Disco
89%
I'm Like a Lawyer with the Way I'm Always Trying to Get You Off (Me & You) Fall Out Boy
88%
Don't Threaten Me with a Good Time Panic At The Disco
88%
Headfirst Slide into Cooperstown on a Bad Bet Fall Out Boy
87%
A Little Less Sixteen Candles, a Little More "Touch Me" Fall Out Boy
87%
The Only Difference Between Martyrdom and Suicide Is Press Coverage Panic At The Disco
83%
"Tell That Mick He Just Made My List of Things to Do Today" Fall Out Boy
82%
There's a Good Reason These Tables Are Numbered Honey, You Just Haven't Thought of It Yet Panic At The Disco
82%
London Beckoned Songs About Money Written by Machines Panic At The Disco
82%
Reinventing the Wheel to Run Myself Over Fall Out Boy
81%
Chicago Is So Two Years Ago Fall Out Boy
81%
Nearly Witches (Ever Since We Met...) Panic At The Disco
81%
The Piano Knows Something I Don't Know Panic At The Disco
78%
The Pros and Cons of Breathing Fall Out Boy
77%
From a Mountain in the Middle of the Cabins Panic At The Disco
69%
Ready to Go (Get Me Out of My Mind) Panic At The Disco
66%
No matching quizzes found
Score Distribution
Percent of People with Each Score
Percentile by Number Answered
Your Score History
You have not taken this quiz